Efektívne využívanie finančných prostriedkov EÚ na zvýšenie ekonomického blahobytu regiónov diplomová práca

Gespeichert in:
Bibliographische Detailangaben
1. Verfasser: Stranovská, Nina
Körperschaft: Národohospodárska fakulta EU. Katedra hospodárskej politiky
Weitere Verfasser: Vidová, Jarmila, 1967-
Format: Buch
Sprache:Slowakisch
Veröffentlicht: Bratislava 2025
Tags: Tag hinzufügen
Keine Tags, Fügen Sie das erste Tag hinzu!

MARC

LEADER 00000nbm a2200000 4500
001 0309303
005 20251027085800.8
041 0 |a slo 
044 |a SK 
245 1 0 |a Efektívne využívanie finančných prostriedkov EÚ na zvýšenie ekonomického blahobytu regiónov  |b diplomová práca  |c Nina Stranovská ; školiteľ: Jarmila Vidová 
264 1 |a Bratislava  |c 2025 
300 |a 71 s. 
100 1 |a Stranovská, Nina 
700 1 |a Vidová, Jarmila, 1967- 
710 2 |a Národohospodárska fakulta EU. Katedra hospodárskej politiky